000 00491cam a22001457a 4500
008 180718b2009 xxu||||| |||| 00| 0 eng d
082 _aAPPPA 2008-09/SUB
100 _aSubrahmanyam, Malladi SIva
245 _aRole of public audit in good governance and accountability
_cby Malladi Siva Subrahmanyam
260 _aNew Delhi
_bIndian Institute of Public Administration
_c2009
300 _a137p.
650 _aGovernance
650 _aTax auditing
650 _aAuditing - Law and legislation
999 _c495215
_d495215